[Event "Padova Province-chT 58th"]
[Site "Padova"]
[Date "1998.01.18"]
[Round "5"]
[White "Zotti, Enrico"]
[Black "Santi, Lorenzo"]
[Result "1-0"]
[WhiteElo "1719"]
[BlackElo "1600"]
[PlyCount "61"]
[EventDate "1998.01.10"]
[EventType "swiss"]
[EventRounds "6"]
[EventCountry "ITA"]
[SourceTitle "EXT 2022"]
[Source "ChessBase"]
[SourceDate "2021.10.06"]
[SourceVersion "1"]
[SourceVersionDate "2021.10.06"]
[SourceQuality "1"]

1. e4 e5 2. Nf3 Nc6 3. Bb5 d6 4. d4 Bd7 5. Nc3 exd4 6. Nxd4 g6 7. 0-0 Bg7 8. Be3 Nge7 9. f4 a6 10. Bxc6 Nxc6 11. Nf3 Bg4 12. Qd2 0-0 13. h3 Be6 14. Rad1 f5 15. Ng5 Bc4 16. Rf2 h6 17. Nf3 Be6 18. b3 Bxc3 19. Qxc3 fxe4 20. Nd2 d5 21. Nxe4 Bf5 22. Ng3 Ne7 23. Bc5 c6 24. Re1 Rf7 25. Rfe2 Be4 26. Nxe4 dxe4 27. Rxe4 Nd5 28. Qg3 Qf6 29. Bd4 Qd6 30. Re6 Qxf4 31. Qxg6+ 1-0

[Event "Padova Province-chT 58th"]
[Site "Padova"]
[Date "1998.01.11"]
[Round "3"]
[White "Luisetto, Alessandro"]
[Black "Santi, Lorenzo"]
[Result "1-0"]
[WhiteElo "1789"]
[BlackElo "1600"]
[PlyCount "79"]
[EventDate "1998.01.10"]
[EventType "swiss"]
[EventRounds "6"]
[EventCountry "ITA"]
[SourceTitle "EXT 2022"]
[Source "ChessBase"]
[SourceDate "2021.10.06"]
[SourceVersion "1"]
[SourceVersionDate "2021.10.06"]
[SourceQuality "1"]

1. g3 Nf6 2. Bg2 d5 3. d3 Bg4 4. Nf3 Nc6 5. 0-0 Qd7 6. Re1 e6 7. c3 Bd6 8. Nbd2 0-0 9. Qc2 Bxf3 10. Nxf3 Ne5 11. e4 dxe4 12. dxe4 Nxf3+ 13. Bxf3 e5 14. Bg5 Qe6 15. Bg2 Bc5 16. h3 Nh5 17. Kh2 f6 18. Be3 Bd6 19. Bf1 a6 20. Bd3 Rf7 21. Qe2 Nf4 22. Bxf4 exf4 23. Bc4 fxg3+ 24. fxg3 Qe5 25. Bxf7+ Kxf7 26. Qf3 Kg8 27. Rad1 c6 28. Rd3 Rf8 29. Qf5 Qe7 30. Red1 g6 31. Qg4 f5 32. exf5 Be5 33. fxg6 hxg6 34. Qxg6+ Bg7 35. Qg4 Qc5 36. Rf3 Re8 37. Rdf1 Re2+ 38. Kh1 Re8 39. Qf5 Qd6 40. Qf7+ 1-0

[Event "Padova Province-chT 58th"]
[Site "Padova"]
[Date "1998.01.11"]
[Round "2"]
[White "Santi, Lorenzo"]
[Black "Quaranta, Gaetano"]
[Result "1-0"]
[WhiteElo "1600"]
[BlackElo "1522"]
[PlyCount "85"]
[EventDate "1998.01.10"]
[EventType "swiss"]
[EventRounds "6"]
[EventCountry "ITA"]
[SourceTitle "EXT 2022"]
[Source "ChessBase"]
[SourceDate "2021.10.06"]
[SourceVersion "1"]
[SourceVersionDate "2021.10.06"]
[SourceQuality "1"]

1. e4 e5 2. Nf3 Nc6 3. Bc4 Bc5 4. d3 Nf6 5. Nc3 0-0 6. Bg5 Bb4 7. 0-0 Bxc3 8. bxc3 d6 9. h3 Na5 10. Bb3 Nxb3 11. axb3 h6 12. Be3 a6 13. Nh2 Re8 14. f4 exf4 15. Rxf4 Nd5 16. Rf3 Nxc3 17. Qd2 Nb5 18. Bxh6 g6 19. Raf1 Be6 20. Ng4 Bxg4 21. hxg4 f5 22. gxf5 Nd4 23. Rg3 Qh4 24. Rxg6+ Kh8 25. Bg7+ Kg8 26. Bxd4+ Kf7 27. Rh6 Qg3 28. Rh7+ Kg8 29. Rg7+ Qxg7 30. Bxg7 Kxg7 31. Qg5+ Kf7 32. Qg6+ Ke7 33. f6+ Kd7 34. Qg7+ Kc6 35. f7 Rf8 36. Qc3+ Kd7 37. Qd4 Ke7 38. Qd5 c6 39. Qg5+ Kd7 40. Rf6 Ke7 41. Rg6+ Kxf7 42. Rg7+ Ke6 43. Qe7# 1-0